000
00319 a2200109 4500
001
ART_47013
005
20260410162032.0
008
260409a
245
1
0
_a
Pasteleros. Rama pizzeros. CCT 24/1988
100
1
_a
Godoy, Laura M.
773
0
_t
Liquidación de sueldos
_g
- Nº 137 (oct. 2017)
_w
REV44399
999
_c
34100
_d
34100